Statistics for United States Multiple Choice Quiz

Click here to take the quiz!

General Stats

  • This quiz has been taken 21,209 times
  • The average score is 11 of 15

Answer Stats

QuestionAnswer% Correct
How many other countries does the U.S. share a land border with?2
96%
Which of these cities is located in a desert?Phoenix
95%
Which of these cities has the highest population?Dallas
87%
True or false: Texas is the largest state by area.False
87%
What do the stripes on the American flag represent?The 13 original colonies
87%
Which of these places is NOT in the United States?
84%
Which of these people was NOT a U.S. President?Eugene V. Debs
84%
What is the nickname of Las Vegas?Sin City
84%
Which of these countries was once a U.S. territory?Philippines
81%
Which of these states is in the "Bible Belt"?Mississippi
75%
How many states border the Pacific Ocean?5
70%
What is the tallest building in the United States?One World Trade Center
54%
Which of these words does NOT appear in the lyrics to the Star-Spangled Banner?Freedom
51%
What is the largest lake that is entirely within the United States?Lake Michigan
40%
True or false: The United States has more prisoners than college students.False
30%

Score Distribution

Percentile by Number Answered

Percent of People with Each Score

Your Score History

You have not taken this quiz